000 00424nam a2200145Ia 4500
999 _c15386
_d15386
082 _a954 IND;
245 0 _aIndian civilization: the first phase:problems of a sourcebook
260 _aShimla
_bIndian Institute of Advanced study
_c1971
300 _a305p.
500 _aBased on the proceedings of a seminar
650 _aIndia - History - Sources
650 _aIndia - Civilization
700 _aMalik, S.C
942 _cBK